000 00404nam a2200133Ia 4500
005 20260326100045.0
008 260326s9999||||xx |||||||||||||| ||und||
100 _aWeiss, Joaquín E.
245 0 _aLa Arquitectura Cubana del Siglo XIX /
_cJoaquín E. Weiss
260 _bPublicaciones de la Junta Nacional de Arqueología y Etnología
300 _a126 p.
650 _aARQUITECTURA REGIONAL
942 _cBK
999 _c7140
_d7140